000 00492nam a2200157Ia 4500
008 180901s9999 xx 000 0 und d
020 _a9780323394192
100 _aAnderson, Mark W.
245 _cMark W. Anderson, Michael G. Fox.--
_aSectional anatomy by MRI and CT /
250 _a4th ed
260 _aUSA :
_bElsevier
_c2017
300 _aviii, 616 pages :
_billustrations.
500 _aIncludes index.
650 _aMagnetic resonance imaging.
650 _aTomography, X-ray computed.
999 _c358506
_d358506